000 01115nam a2200289Ia 4500
001 H4736
003 IT-RoPAU
008 130308s9999 xx 000 0 und d
040 _aIT-RoPAU
040 _cIT-RoPAU
041 _aITALIANO
100 _aGronauer Heidi
100 _gCodice Aut. SPICS: 57798
245 _aAlcune considerazioni sulla didattica del film documentario
245 _bIdea Documentaria (L'). Altri Sguardi dal Cinema Italiano
250 _a2a ed.
260 _aTORINO
260 _bLindau
260 _c2004 [1° Ed.:2003 - Ed.Ling.Originale:2003]
300 _a"12 p. (prefazione: no ; testo: 12 [pagine: 299-310])"
500 _aDocumentari, Perche'? Forma e Contenuto. Formazione Documentaristica tra Arte e Mercato? tra impegno Sociale e Potere Mediatico? Il Concetto Formativo: docenti Piani di Studio Studenti. La Formazione nella Prospettiva Dello Sviluppo Tecnologico. Il Lavoro D'Equipe: Il fondamento del Film Documentario. Bibliografia.
650 _aGENERI CINEMATOGRAFICI
650 _eCodice materia Spics: 6810
942 _cBK
957 _71
999 _c83601
_d83601
999 _g1